[Event "Kaptsan mem."]
[Site "Winnipeg CAN"]
[Date "2018.11.18"]
[Round "4.3"]
[White "Crawford, Gary"]
[Black "Rutter, Blair"]
[Result "0-1"]
[WhiteElo "1495"]
[BlackElo "1942"]
[PlyCount "90"]
[EventDate "2018.11.17"]
[EventType "swiss"]
[EventRounds "5"]
[EventCountry "CAN"]

1. e4 e6 2. Nf3 Nf6 3. Bd3 Nc6 4. a3 e5 5. c3 d6 6. Bc2 Bg4 7. h3 Bh5 8. O-O
Be7 9. Re1 O-O 10. Re3 Qd7 11. d4 exd4 12. cxd4 a6 13. Qd3 Bg6 14. Nh4 Rad8 15.
Nxg6 hxg6 16. Rg3 Nh5 17. Rg4 Bf6 18. Rxg6 Nxd4 19. Rxf6 Nxc2 20. Rf5 Nxa1 21.
Rxh5 Qe6 22. Nd2 Qg6 23. Rh4 d5 24. Rg4 Qe6 25. b4 dxe4 26. Qg3 g6 27. Bb2 Rxd2
28. Qc3 Rxb2 29. Qxb2 e3 30. fxe3 Qxe3+ 31. Kh2 Qe1 32. Qf6 Qd2 33. Qxa1 Qd6+
34. Kh1 Re8 35. Rh4 f6 36. Rd4 Qg3 37. Rd1 Re6 38. Qd4 Re1+ 39. Rxe1 Qxe1+ 40.
Kh2 Qe5+ 41. Qxe5 fxe5 42. Kg3 Kf7 43. Kf3 Kf6 44. Ke4 b6 45. g4 g5 0-1

[Event "Kaptsan mem."]
[Site "Winnipeg CAN"]
[Date "2018.11.18"]
[Round "4.4"]
[White "Lei, Yanyu"]
[Black "Melnyk, Jim"]
[Result "1-0"]
[WhiteElo "1578"]
[BlackElo "1633"]
[PlyCount "81"]
[EventDate "2018.11.17"]
[EventType "swiss"]
[EventRounds "5"]
[EventCountry "CAN"]

1. d4 Nf6 2. c4 d6 3. Nc3 g6 4. b3 Bg7 5. Bb2 O-O 6. Nf3 Nbd7 7. Qd2 Re8 8. e4
e6 9. Bd3 c5 10. Nb5 Qb6 11. O-O a6 12. dxc5 dxc5 13. Nc3 Qc7 14. Rad1 b6 15.
e5 Ng4 16. Be4 Rb8 17. Qd6 Bxe5 18. Nxe5 Qxd6 19. Rxd6 Ngxe5 20. h3 Bb7 21.
Bxb7 Rxb7 22. f4 Nxc4 23. bxc4 Nf6 24. Na4 Ne4 25. Rxb6 Rxb6 26. Nxb6 Rb8 27.
Na4 Nd2 28. Rc1 Ne4 29. Be5 Rb4 30. Re1 Rxc4 31. Nb2 Rb4 32. a3 Rb3 33. Rxe4
Rxa3 34. Ra4 Rb3 35. Rxa6 Kf8 36. Rc6 Ke8 37. Rxc5 Ke7 38. Nc4 Rb4 39. Rc7+ Kf8
40. Bf6 Rb8 41. Nd6 1-0

[Event "Kaptsan mem."]
[Site "Winnipeg CAN"]
[Date "2018.11.18"]
[Round "4.5"]
[White "Marshall, Ken"]
[Black "Trueman, Francis"]
[Result "1/2-1/2"]
[WhiteElo "1475"]
[BlackElo "1381"]
[PlyCount "93"]
[EventDate "2018.11.17"]
[EventType "swiss"]
[EventRounds "5"]
[EventCountry "CAN"]

1. e4 d6 2. d4 Nf6 3. Nc3 g6 4. Nf3 Bg7 5. Bc4 O-O 6. Be3 c6 7. Qd2 a5 8. a4
Na6 9. O-O Qc7 10. Rfe1 e5 11. d5 Nc5 12. b3 Ncxe4 13. Nxe4 Nxe4 14. Qd3 f5 15.
dxc6+ Kh8 16. Ng5 Nxg5 17. Bxg5 e4 18. cxb7 Bxb7 19. Qd1 Bxa1 20. Qxa1+ Qg7 21.
Be7 Qxa1 22. Rxa1 d5 23. Bxf8 dxc4 24. Bh6 cxb3 25. cxb3 Bd5 26. Rb1 Rd8 27.
Bg5 Rd7 28. h3 Kg7 29. Bd2 Ra7 30. Be3 Rb7 31. Bd2 Ra7 32. Be3 Rb7 33. Bd2 Rxb3
34. Rxb3 Bxb3 35. Bxa5 Bxa4 36. Bb6 Kf7 37. Be3 Ke6 38. Kf1 Bb5+ 39. Ke1 Kd5
40. Kd2 Ke5 41. g3 Bc4 42. Bf4+ Kf6 43. Kc3 Be2 44. Kd2 Bf3 45. h4 Kg7 46. Ke3
Kf7 47. Kd4 1/2-1/2

[Event "Kaptsan mem."]
[Site "Winnipeg CAN"]
[Date "2018.11.18"]
[Round "4.6"]
[White "Jenkins, Mark"]
[Black "Marshall, Carter"]
[Result "1-0"]
[WhiteElo "1433"]
[BlackElo "1605"]
[Annotator "aboro"]
[PlyCount "107"]
[EventDate "2018.11.17"]
[EventType "swiss"]
[EventRounds "5"]
[EventCountry "CAN"]

1. d4 Nf6 2. c4 c5 3. d5 b5 4. cxb5 a6 5. bxa6 Bxa6 6. Nc3 d6 7. g3 g6 8. Bg2
Bg7 9. e4 Nbd7 10. Nf3 Ne5 11. Qa4+ Qd7 12. Qxd7+ Kxd7 13. Bf1 Bxf1 14. Kxf1
Nd3 15. Nd2 Ng4 16. f3 Ngf2 17. Rg1 Bxc3 18. bxc3 Nxc1 19. Kxf2 Rxa2 20. Rgxc1
Rxd2+ 21. Ke3 Rb2 22. Ra7+ Kc8 23. Rca1 Re8 24. Ra8+ Rb8 25. R1a7 h5 26. Kf4 f6
27. h3 e6 28. Ra6 Rd8 29. dxe6 Rxa8 30. Rxa8+ Kc7 31. Ra7+ Kc6 32. Rf7 d5 33.
Rxf6 Rd6 34. e5 g5+ 35. Ke3 d4+ 36. cxd4 cxd4+ 37. Kd3 Rd5 38. e7+ Kd7 39. Rd6+
Rxd6 40. exd6 Ke8 41. Kxd4 Kd7 42. Ke4 Ke8 43. Kf5 Kd7 44. Kxg5 Ke8 45. f4 h4
46. gxh4 Kd7 47. h5 Ke8 48. h6 Kd7 49. h7 Kxd6 50. e8=Q Kc7 51. Qe6 Kb7 52.
h8=Q Ka7 53. Qg7+ Ka8 54. Qe8# 1-0

[Event "Kaptsan mem."]
[Site "Winnipeg CAN"]
[Date "2018.11.18"]
[Round "5.1"]
[White "Baron, Gustav"]
[Black "Abioye, Yemi"]
[Result "1-0"]
[WhiteElo "2254"]
[BlackElo "1886"]
[Annotator "aboro"]
[PlyCount "91"]
[EventDate "2018.11.17"]
[EventType "swiss"]
[EventRounds "5"]
[EventCountry "CAN"]

1. d4 c6 2. c4 d5 3. Nc3 Nf6 4. e3 e6 5. Bd3 Bd6 6. e4 dxc4 7. Bxc4 Bb4 8. Qd3
c5 9. Nge2 Nc6 10. Bb5 O-O 11. Bxc6 bxc6 12. Bg5 cxd4 13. Bxf6 Qxf6 14. Qxd4
Qe7 15. O-O Rd8 16. Qe3 e5 17. a3 Bc5 18. Qf3 Ba6 19. Rfd1 Rab8 20. b4 Bd4 21.
Nxd4 exd4 22. Na4 Bb5 23. Nc5 a5 24. Rab1 Rd6 25. a4 Bc4 26. bxa5 Rxb1 27. Rxb1
Rd8 28. Nd3 Qa3 29. Ne5 Qxa4 30. Rc1 d3 31. Nxc4 d2 32. Nxd2 Rxd2 33. g3 g6 34.
Qc3 Ra2 35. Qxc6 Qxc6 36. Rxc6 Rxa5 37. Kg2 Ra3 38. f4 Kg7 39. e5 h5 40. Kh3
Ra2 41. Rc7 Kf8 42. Rb7 Re2 43. Kh4 Rxh2+ 44. Kg5 Rg2 45. Rd7 Ke8 46. Rc7 {
White won in 63 moves} 1-0

[Event "Kaptsan mem."]
[Site "Winnipeg CAN"]
[Date "2018.11.18"]
[Round "5.2"]
[White "Rutter, Blair"]
[Black "Boron, Anthony"]
[Result "1-0"]
[WhiteElo "1942"]
[BlackElo "2016"]
[PlyCount "87"]
[EventDate "2018.11.17"]
[EventType "swiss"]
[EventRounds "5"]
[EventCountry "CAN"]

1. c4 e6 2. g3 f5 3. Bg2 Nf6 4. Nc3 c6 5. d4 d5 6. Nf3 Bd6 7. Bg5 Nbd7 8. Qb3
O-O 9. O-O-O Qa5 10. Bd2 Qd8 11. Ng5 Qe7 12. f3 Bb4 13. Rde1 h6 14. Nh3 a5 15.
Nf4 Qf7 16. e4 dxc4 17. Qxc4 e5 18. Qxf7+ Kxf7 19. dxe5 Nxe5 20. Kc2 Rd8 21.
Be3 Nc4 22. Re2 fxe4 23. fxe4 Bg4 24. Ree1 Rd7 25. h3 Be6 26. Bc1 Rad8 27. Re2
g5 28. Nxe6 Kxe6 29. h4 Rd3 30. hxg5 hxg5 31. Bxg5 Rxg3 32. Bf4 Rgd3 33. Rh6
Kf7 34. e5 Ng4 35. Rh7+ Kg8 36. Rxb7 Nge3+ 37. Bxe3 Rxe3 38. Rf2 Nxb2 39. Ne4
Rf8 40. Nf6+ Rxf6 41. exf6 Na4 42. f7+ Kf8 43. Rb8+ Kg7 44. Rxb4 1-0

[Event "Kaptsan mem."]
[Site "Winnipeg CAN"]
[Date "2018.11.18"]
[Round "5.3"]
[White "Samson, Larry"]
[Black "Crawford, Gary"]
[Result "1-0"]
[WhiteElo "1613"]
[BlackElo "1495"]
[PlyCount "103"]
[EventDate "2018.11.17"]
[EventType "swiss"]
[EventRounds "5"]
[EventCountry "CAN"]

1. e4 e5 2. Nf3 Nc6 3. Bb5 a6 4. Ba4 Nf6 5. O-O Be7 6. Re1 O-O 7. Bxc6 bxc6 8.
Nxe5 Bb7 9. d3 h6 10. h3 Bc5 11. Be3 Bxe3 12. Rxe3 d6 13. Ng4 Re8 14. Nc3 Nxg4
15. Qxg4 Bc8 16. Qf4 Be6 17. d4 d5 18. e5 Qe7 19. a3 c5 20. Ne2 c4 21. Ng3 Rab8
22. Rb1 Rb6 23. c3 Reb8 24. Re2 Rb3 25. Qc1 Qxa3 26. Ra1 Qf8 27. Rxa6 Qc8 28.
Ra2 c5 29. Kh2 cxd4 30. cxd4 Rd3 31. Rd2 Rdb3 32. Ra3 Qb7 33. Rxb3 Qxb3 34. Qc3
Qxc3 35. bxc3 Rb3 36. Rc2 Kf8 37. Nh5 Bf5 38. Rc1 Rb2 39. Kg3 g6 40. Nf6 Be6
41. Kf3 h5 42. g4 hxg4+ 43. hxg4 Ke7 44. Kg3 Kd8 45. Kh4 Kc7 46. Kg5 Kc6 47. f4
Rb7 48. f5 gxf5 49. gxf5 Bc8 50. Ne8 Re7 51. Nd6 Bd7 52. Kf6 1-0

[Event "Kaptsan mem."]
[Site "Winnipeg CAN"]
[Date "2018.11.18"]
[Round "5.4"]
[White "Jenkins, Mark"]
[Black "Lei, Yanyu"]
[Result "1-0"]
[WhiteElo "1433"]
[BlackElo "1578"]
[PlyCount "49"]
[EventDate "2018.11.17"]
[EventType "swiss"]
[EventRounds "5"]
[EventCountry "CAN"]

1. d4 Nf6 2. c4 d5 3. Nc3 g6 4. Nf3 Bg7 5. e3 Bg4 6. Be2 dxc4 7. Bxc4 c5 8. O-O
cxd4 9. Qxd4 Nc6 10. Qxd8+ Rxd8 11. b3 Bxf3 12. gxf3 O-O 13. Ba3 a6 14. Rad1 b5
15. Nxb5 axb5 16. Bxb5 Rxd1 17. Rxd1 Ra8 18. Bc5 e6 19. Bxc6 Rc8 20. a4 Rxc6
21. Rd8+ Bf8 22. Bxf8 Rc1+ 23. Kg2 Rb1 24. Bh6+ Ne8 25. Rxe8# 1-0

[Event "Kaptsan mem."]
[Site "Winnipeg CAN"]
[Date "2018.11.18"]
[Round "5.5"]
[White "Melnyk, Jim"]
[Black "Marshall, Ken"]
[Result "1-0"]
[WhiteElo "1633"]
[BlackElo "1475"]
[PlyCount "89"]
[EventDate "2018.11.17"]
[EventType "swiss"]
[EventRounds "5"]
[EventCountry "CAN"]

1. e4 e5 2. Nf3 Nc6 3. Bc4 Bc5 4. O-O d6 5. d3 Bg4 6. c3 Nf6 7. Nbd2 O-O 8. b4
Bb6 9. a4 a5 10. Ba3 axb4 11. cxb4 Nd4 12. h3 Nxf3+ 13. Nxf3 Bh5 14. Bc1 Qd7
15. Bg5 Bd4 16. Ra2 Qe7 17. g4 Bg6 18. Nxd4 exd4 19. Qf3 h6 20. Bxf6 Qxf6 21.
Qxf6 gxf6 22. f4 c6 23. f5 b5 24. fxg6 bxc4 25. gxf7+ Kxf7 26. dxc4 Rab8 27. b5
c5 28. Kf2 Ke6 29. Ke2 Rfe8 30. a5 Kf7 31. Kd3 Re7 32. a6 Ra7 33. Rb1 Rba8 34.
Rf2 Re8 35. Ra2 Rea8 36. Rf1 Ke6 37. Rf5 Kf7 38. Raf2 Rf8 39. h4 Ke6 40. g5
hxg5 41. hxg5 Raf7 42. Rxf6+ Rxf6 43. Rxf6+ Rxf6 44. gxf6 Kxf6 45. a7 1-0

[Event "Kaptsan mem."]
[Site "Winnipeg CAN"]
[Date "2018.11.18"]
[Round "5.6"]
[White "Trueman, Francis"]
[Black "Marshall, Carter"]
[Result "0-1"]
[WhiteElo "1381"]
[BlackElo "1605"]
[Annotator "aboro"]
[PlyCount "31"]
[EventDate "2018.11.17"]
[EventType "swiss"]
[EventRounds "5"]
[EventCountry "CAN"]

1. Nf3 d5 2. d3 Nc6 3. Nbd2 e5 4. e4 d4 5. a4 f6 6. g3 Bg4 7. Bg2 Bb4 8. O-O
Qe7 9. Nc4 h5 10. h3 Be6 11. Nh4 Qf7 12. a5 Bxc4 13. dxc4 Bxa5 14. Bd2 Bxd2 15.
Qxd2 Qxc4 16. Rab1 {Scoresheets unclear - Black won in 30.} 0-1

[Event "Kingston op"]
[Site "Kingston CAN"]
[Date "2018.03.25"]
[Round "5"]
[White "Javidfard, Amirsalar"]
[Black "Doubleday, William"]
[Result "0-1"]
[WhiteElo "2199"]
[BlackElo "2083"]
[PlyCount "79"]
[EventDate "2018.03.23"]
[EventType "swiss"]
[EventRounds "5"]
[EventCountry "CAN"]

1. d4 d5 2. c4 e6 3. Nf3 Nf6 4. Nc3 c6 5. e3 Nbd7 6. Qc2 Bd6 7. g4 h6 8. Rg1 a6
9. Bd2 b5 10. cxb5 cxb5 11. g5 hxg5 12. Rxg5 Bb7 13. Rxg7 Kf8 14. Rg2 Rc8 15.
a3 Ne4 16. Bd3 Qf6 17. Ke2 Rh3 18. Bxe4 dxe4 19. Ng5 Ke7 20. Rag1 Rh4 21. d5
Ne5 22. dxe6 Nf3 23. exf7 Nxg5 24. Rxg5 Qf3+ 25. Ke1 Rxh2 26. Bc1 Rch8 27. Nd5+
Bxd5 28. Rxd5 Rh1 29. Rdg5 Rxg1+ 30. Rxg1 Rh1 31. f8=Q+ Kxf8 32. Qc8+ Ke7 33.
Qb7+ Ke6 34. Rxh1 Qxh1+ 35. Kd2 Qf3 36. Qxa6 Qxf2+ 37. Kc3 Qe2 38. b3 b4+ 39.
Kd4 Qd1+ 40. Bd2 0-1

[Event "Langley op"]
[Site "Langley CAN"]
[Date "2018.09.01"]
[Round "1.1"]
[White "Sohal, Tanraj"]
[Black "Su, Ethan"]
[Result "1-0"]
[WhiteElo "2393"]
[BlackElo "1406"]
[PlyCount "75"]
[EventDate "2018.09.01"]
[EventType "swiss"]
[EventRounds "6"]
[EventCountry "CAN"]

1. d4 Nf6 2. c4 e6 3. Nf3 Bb4+ 4. Nbd2 c5 5. g3 Nc6 6. dxc5 Bxc5 7. e3 O-O 8.
Bg2 a6 9. O-O Qc7 10. b3 d5 11. Bb2 Qe7 12. Qe2 dxc4 13. Nxc4 b5 14. Nfe5 Nxe5
15. Bxa8 Nxc4 16. bxc4 Bd7 17. Bg2 bxc4 18. Bxf6 gxf6 19. Qxc4 Bb5 20. Qg4+ Kh8
21. Rfd1 f5 22. Qf3 Qg5 23. a4 Bc4 24. Rac1 Bd5 25. Rxd5 Bxe3 26. Qxe3 Qxe3 27.
fxe3 exd5 28. Bxd5 Re8 29. Kf2 Kg7 30. Rc7 Rd8 31. Bxf7 Rd2+ 32. Kf3 Rxh2 33.
Bc4+ Kg6 34. Bxa6 Ra2 35. Bb5 h6 36. Ra7 Ra1 37. a5 Rf1+ 38. Bxf1 1-0

[Event "Langley op"]
[Site "Langley CAN"]
[Date "2018.09.01"]
[Round "1.3"]
[White "Doknjas, Joshua"]
[Black "Huang, Ryan"]
[Result "1-0"]
[WhiteElo "2252"]
[BlackElo "1384"]
[PlyCount "79"]
[EventDate "2018.09.01"]
[EventType "swiss"]
[EventRounds "6"]
[EventCountry "CAN"]

1. e4 c5 2. Nf3 d6 3. d4 cxd4 4. Nxd4 Nf6 5. Nc3 g6 6. Be3 Bg7 7. f3 O-O 8. Qd2
Nc6 9. g4 Bd7 10. O-O-O Qa5 11. h4 h5 12. Nb3 Qd8 13. g5 Ne8 14. f4 Be6 15. Kb1
a6 16. Bd3 Bc8 17. Rdf1 b5 18. f5 Ne5 19. Nd5 e6 20. Nb6 Rb8 21. Nxc8 Rxc8 22.
f6 Bh8 23. c3 d5 24. Be2 Nd6 25. exd5 Nf5 26. Bf4 Nc4 27. Bxc4 Rxc4 28. dxe6
fxe6 29. Qe2 Re8 30. Nd2 Ra4 31. b3 Rxf4 32. Rxf4 Ng3 33. f7+ Kh7 34. fxe8=Q
Qxe8 35. Qf3 Nxh1 36. Rf8 Qxf8 37. Qxf8 Ng3 38. Qh6+ Kg8 39. Qxg6+ Kf8 40. Qxe6
1-0

[Event "Langley op"]
[Site "Langley CAN"]
[Date "2018.09.01"]
[Round "1.4"]
[White "Qiu, Andrew Yu"]
[Black "Bremner, William"]
[Result "0-1"]
[WhiteElo "1335"]
[BlackElo "2192"]
[PlyCount "70"]
[EventDate "2018.09.01"]
[EventType "swiss"]
[EventRounds "6"]
[EventCountry "CAN"]

1. e4 c6 2. d4 d5 3. Nc3 dxe4 4. Nxe4 Bf5 5. Nc3 e6 6. a3 Nf6 7. Nf3 Nbd7 8.
Bf4 Be7 9. Be2 b5 10. Nb1 Qb6 11. c3 a5 12. O-O h6 13. h3 O-O 14. Nbd2 Rfd8 15.
Re1 Rac8 16. b4 Nd5 17. bxa5 Qa7 18. Bh2 Nxc3 19. Qc1 Nxe2+ 20. Rxe2 Qxa5 21.
Nb3 Qa4 22. Qb2 Ra8 23. Ne5 Nxe5 24. Bxe5 Bxa3 25. Qc3 Qc4 26. Qg3 Bf8 27. Ree1
Qd3 28. Re3 Rxa1+ 29. Kh2 Qd1 30. Nxa1 Qxa1 31. d5 Qa6 32. dxc6 Qxc6 33. Rc3
Qd5 34. Bf6 Re8 35. Rf3 Bd6 0-1

[Event "Langley op"]
[Site "Langley CAN"]
[Date "2018.09.01"]
[Round "1.5"]
[White "McLaren, Brian"]
[Black "Taylor, Ashton"]
[Result "1/2-1/2"]
[WhiteElo "2152"]
[BlackElo "1335"]
[PlyCount "122"]
[EventDate "2018.09.01"]
[EventType "swiss"]
[EventRounds "6"]
[EventCountry "CAN"]

1. e4 d6 2. d4 e5 3. Ne2 Nf6 4. Nbc3 Be7 5. f3 Nbd7 6. Be3 Nb6 7. b3 O-O 8.
dxe5 dxe5 9. Ng3 Be6 10. Bd3 Bb4 11. Nge2 Nh5 12. a3 Bxc3+ 13. Nxc3 Nf4 14. Bf1
Ng6 15. Qxd8 Rfxd8 16. Rd1 Rxd1+ 17. Kxd1 c6 18. g3 f6 19. Be2 Kf7 20. a4 Nd7
21. f4 Bh3 22. f5 Ne7 23. Rg1 g6 24. g4 gxf5 25. gxf5 Nxf5 26. Bc4+ Ke7 27.
exf5 Bxf5 28. Rg7+ Kd6 29. Ke2 Bg6 30. Bd3 f5 31. a5 Bh5+ 32. Kf2 Bg6 33. h4 f4
34. Bc1 Bxd3 35. cxd3 Rh8 36. Kf3 Nf6 37. Rxb7 Rg8 38. Ne4+ Nxe4 39. Kxe4 Rg1
40. Ba3+ c5 41. d4 Re1+ 42. Kf3 Kc6 43. Rxa7 cxd4 44. Rxh7 Re3+ 45. Kf2 Rxb3
46. Bc1 Rb1 47. Rh8 Kb7 48. Bd2 Rb2 49. Ke1 Rb1+ 50. Ke2 Rb2 51. Kd1 f3 52. Rf8
e4 53. Rf4 e3 54. Bxe3 dxe3 55. Rxf3 Rh2 56. Rf4 Ra2 57. Rf5 Rd2+ 58. Ke1 Rh2
59. h5 Ka6 60. Re5 Kb7 61. Rb5+ Ka6 1/2-1/2

[Event "Langley op"]
[Site "Langley CAN"]
[Date "2018.09.01"]
[Round "1.6"]
[White "Batisse, Norman"]
[Black "Zhu, Brandon"]
[Result "0-1"]
[WhiteElo "1288"]
[BlackElo "2101"]
[PlyCount "66"]
[EventDate "2018.09.01"]
[EventType "swiss"]
[EventRounds "6"]
[EventCountry "CAN"]

1. e4 e5 2. Nf3 Nc6 3. Bc4 Nf6 4. c3 Nxe4 5. d4 exd4 6. Nxd4 Bc5 7. Nxc6 dxc6
8. Bxf7+ Kxf7 9. Qh5+ g6 10. Qf3+ Qf6 11. Qxf6+ Kxf6 12. O-O Be6 13. b4 Bb6 14.
Bb2 Bc4 15. Na3 Bxf1 16. c4+ Kf7 17. Rxf1 Rhd8 18. c5 Nxc5 19. bxc5 Bxc5 20.
Nc4 Bd4 21. Bc1 a5 22. Nd2 b5 23. Nf3 Bf6 24. Nd2 c5 25. Ne4 c4 26. f4 c3 27.
Ng5+ Bxg5 28. fxg5+ Ke6 29. Rf6+ Ke5 30. Bf4+ Ke4 31. Kf2 Rf8 32. g3 Rxf6 33.
gxf6 Rf8 0-1

[Event "Langley op"]
[Site "Langley CAN"]
[Date "2018.09.01"]
[Round "1.7"]
[White "Doknjas, Neil"]
[Black "Mok, Gillian"]
[Result "1-0"]
[WhiteElo "2039"]
[BlackElo "1221"]
[PlyCount "109"]
[EventDate "2018.09.01"]
[EventType "swiss"]
[EventRounds "6"]
[EventCountry "CAN"]

1. e4 e5 2. Nf3 Nc6 3. d4 exd4 4. Nxd4 Bc5 5. Be3 Qf6 6. c3 d6 7. Bc4 Nge7 8.
O-O O-O 9. Nxc6 Nxc6 10. Bxc5 dxc5 11. Qd5 Qf4 12. Qxc5 Qxe4 13. Bd5 Qg6 14.
Bxc6 bxc6 15. Qe5 Qd6 16. Qxd6 cxd6 17. Nd2 Rb8 18. b3 Be6 19. Ne4 d5 20. Nc5
Rfe8 21. Rad1 g6 22. Rd4 Kg7 23. Ra4 Re7 24. Re1 Rb6 25. h4 h5 26. Rd4 Kf6 27.
Rf4+ Bf5 28. Rxe7 Kxe7 29. Ra4 Kd6 30. b4 d4 31. cxd4 Kd5 32. a3 Kxd4 33. Rxa7
f6 34. Rf7 Ke5 35. g3 g5 36. Kg2 gxh4 37. gxh4 Rb8 38. Kf3 Re8 39. a4 Rb8 40.
Rb7 Bg4+ 41. Ke3 Rd8 42. f4+ Kf5 43. Re7 Rd1 44. Nd3 Rh1 45. a5 Rh2 46. Nf2
Rxh4 47. a6 c5 48. a7 Bf3 49. Kxf3 Rxf4+ 50. Ke3 Rxb4 51. a8=Q Rb3+ 52. Nd3 c4
53. Qe4+ Kg5 54. Rg7+ Kh6 55. Qh7# 1-0

[Event "Langley op"]
[Site "Langley CAN"]
[Date "2018.09.01"]
[Round "1.8"]
[White "Mitchell, Kenneth"]
[Black "Lehingrat, Callum"]
[Result "0-1"]
[WhiteElo "1192"]
[BlackElo "2007"]
[PlyCount "80"]
[EventDate "2018.09.01"]
[EventType "swiss"]
[EventRounds "6"]
[EventCountry "CAN"]

1. e4 c5 2. Bc4 e6 3. Nf3 a6 4. O-O b5 5. Be2 Bb7 6. d3 Be7 7. Nc3 d5 8. exd5
exd5 9. a3 Nf6 10. d4 c4 11. Ne5 Nbd7 12. Bg5 O-O 13. Bh5 Nxe5 14. dxe5 Nxh5
15. Bxe7 Qxe7 16. Qxh5 g6 17. Qe2 Rfe8 18. Rae1 d4 19. Nd1 Rad8 20. f4 Rd5 21.
Rf3 f6 22. e6 Rd6 23. Rff1 Rxe6 24. Qf2 Rxe1 25. Rxe1 Qxe1+ 26. Qf1 Re2 27. Nf2
Qxf1+ 28. Kxf1 Rxc2 29. Ng4 Kg7 30. h4 d3 31. Ne3 Re2 32. Nd1 Bxg2+ 33. Kg1
Re1+ 34. Kxg2 Rxd1 35. Kf2 Rd2+ 36. Ke1 Rxb2 37. Kd1 c3 38. Kc1 d2+ 39. Kd1
Rb1+ 40. Kc2 d1=Q+ 0-1

[Event "Langley op"]
[Site "Langley CAN"]
[Date "2018.09.01"]
[Round "1.9"]
[White "Chung, Alec"]
[Black "Han, Aaron"]
[Result "1-0"]
[WhiteElo "1900"]
[BlackElo "1164"]
[PlyCount "61"]
[EventDate "2018.09.01"]
[EventType "swiss"]
[EventRounds "6"]
[EventCountry "CAN"]

1. c4 Nf6 2. Nc3 g6 3. e4 d6 4. g3 e5 5. Bg2 Bg7 6. Nge2 Be6 7. d3 O-O 8. h3 c6
9. O-O Qd7 10. Kh2 Na6 11. Be3 Nc7 12. f4 h5 13. Qd2 Nh7 14. Rab1 f5 15. b4 a6
16. exf5 Rxf5 17. b5 d5 18. bxc6 Qxc6 19. cxd5 Nxd5 20. Rfc1 Qd7 21. Nxd5 Bxd5
22. Rc7 Qd6 23. Rbc1 Bxg2 24. Kxg2 Qd5+ 25. Kh2 exf4 26. Nxf4 Qd8 27. Rxg7+ Kh8
28. Rcc7 Nf8 29. Bd4 Qxd4 30. Nxg6+ Nxg6 31. Qh6# 1-0

[Event "Langley op"]
[Site "Langley CAN"]
[Date "2018.09.01"]
[Round "1.10"]
[White "Jain, Akash"]
[Black "Gu, Chuyang"]
[Result "0-1"]
[WhiteElo "1161"]
[BlackElo "1880"]
[PlyCount "148"]
[EventDate "2018.09.01"]
[EventType "swiss"]
[EventRounds "6"]
[EventCountry "CAN"]

1. e4 c5 2. g3 Nc6 3. c4 g6 4. Nc3 Bg7 5. d3 e6 6. Nf3 Nge7 7. Be3 b6 8. d4
cxd4 9. Nxd4 O-O 10. Bg2 Ne5 11. Qe2 Qc7 12. b3 Bb7 13. O-O a6 14. Rad1 b5 15.
f4 N5c6 16. Rd3 bxc4 17. bxc4 Nb4 18. Rdd1 Rac8 19. a3 Nbc6 20. Na4 Qa5 21.
Nxc6 Bxc6 22. Nb6 Rc7 23. e5 Bxg2 24. Kxg2 Rd8 25. a4 Nf5 26. c5 Nxe3+ 27. Qxe3
Bf8 28. Nc4 Qxa4 29. Nd6 Rb8 30. Rd2 Rb3 31. Qd4 Qxd4 32. Rxd4 Rxc5 33. Rf2 a5
34. Ra2 Rb6 35. g4 Bxd6 36. exd6 Kg7 37. Re2 Rb4 38. Red2 Rcc4 39. Rxc4 Rxc4
40. Rb2 Rc6 41. Rb5 Ra6 42. Rb7 Rxd6 43. Ra7 Rd5 44. Kf3 Kf6 45. h4 Ke7 46. Ra8
h5 47. g5 Rd3+ 48. Ke4 Ra3 49. Ra7 Ra1 50. Ra6 a4 51. Ra7 a3 52. Kd3 a2 53. Kc2
Rh1 54. Rxa2 Rh2+ 55. Kb3 Rxa2 56. Kxa2 Kd6 57. Kb3 Kd5 58. Kb4 Ke4 59. Kc5 d5
60. Kd6 d4 61. Ke7 Kf5 62. Kxf7 d3 63. Kg7 d2 64. Kf7 d1=Q 65. Kg7 Qd7+ 66. Kh6
Qe8 67. Kh7 Kxf4 68. Kg7 e5 69. Kf6 e4 70. Kg7 e3 71. Kf6 e2 72. Kg7 e1=Q 73.
Kh6 Qh8+ 74. Kxg6 Qe6# 0-1

[Event "Langley op"]
[Site "Langley CAN"]
[Date "2018.09.01"]
[Round "2.1"]
[White "Jayawardena, Dinusha"]
[Black "Sohal, Tanraj"]
[Result "0-1"]
[WhiteElo "1623"]
[BlackElo "2393"]
[PlyCount "172"]
[EventDate "2018.09.01"]
[EventType "swiss"]
[EventRounds "6"]
[EventCountry "CAN"]

1. d4 Nf6 2. Bf4 e6 3. e3 b6 4. Nf3 Bb7 5. Nbd2 Be7 6. Bd3 c5 7. c3 cxd4 8.
exd4 O-O 9. O-O d6 10. Re1 Nbd7 11. Qe2 a6 12. Ne4 Nxe4 13. Bxe4 Bxe4 14. Qxe4
Nf6 15. Qe2 b5 16. Bg5 Qb6 17. a3 h6 18. Bxf6 Bxf6 19. h3 Rfc8 20. Red1 d5 21.
Ne5 Bxe5 22. Qxe5 a5 23. Rd3 Qc7 24. Qxc7 Rxc7 25. Kf1 Rb8 26. Rc1 b4 27. axb4
axb4 28. Ke2 bxc3 29. bxc3 Ra7 30. c4 dxc4 31. Rxc4 Rb5 32. Rc5 Rab7 33. Ke3
Kf8 34. Rxb5 Rxb5 35. g4 Ke7 36. h4 g6 37. Ra3 Kf6 38. Kf4 Rd5 39. Ke4 Kg7 40.
Ra7 Rb5 41. Kf4 Rb2 42. f3 Rh2 43. Kg3 Rd2 44. Ra4 Kf6 45. Kf4 Rd1 46. g5+ Kg7
47. Rb4 Ra1 48. Rc4 Ra5 49. Rb4 Rf5+ 50. Kg4 Rd5 51. f4 Rd7 52. h5 hxg5 53.
fxg5 gxh5+ 54. Kxh5 Rd8 55. g6 Rd5+ 56. Kg4 Kxg6 57. Kf4 Kf6 58. Ke4 Rh5 59.
Rb7 Rh4+ 60. Ke3 Rh5 61. Kf4 Kg6 62. Re7 Rh1 63. Ke5 Re1+ 64. Kf4 f5 65. d5
Re4+ 66. Kf3 exd5 67. Rd7 d4 68. Rd6+ Kg5 69. Rd8 Rh4 70. Rg8+ Kf6 71. Re8 Rh3+
72. Kf4 Rh4+ 73. Kf3 Rg4 74. Rf8+ Ke6 75. Re8+ Kf7 76. Rd8 Ke7 77. Rd5 Ke6 78.
Rd8 Re4 79. Rf8 Ke5 80. Re8+ Kd5 81. Rf8 Re3+ 82. Kf4 Re1 83. Rxf5+ Kc4 84. Rh5
d3 85. Rh8 d2 86. Rc8+ Kb5 0-1

[Event "Langley op"]
[Site "Langley CAN"]
[Date "2018.09.01"]
[Round "2.3"]
[White "Branch, Ryan"]
[Black "Doknjas, Joshua"]
[Result "0-1"]
[WhiteElo "1590"]
[BlackElo "2252"]
[PlyCount "88"]
[EventDate "2018.09.01"]
[EventType "swiss"]
[EventRounds "6"]
[EventCountry "CAN"]

1. e4 c5 2. c3 Nf6 3. e5 Nd5 4. g3 d6 5. exd6 Qxd6 6. Bg2 Nc6 7. d4 cxd4 8.
cxd4 Bf5 9. a3 Qe6+ 10. Ne2 Bh3 11. O-O Bxg2 12. Kxg2 g6 13. Re1 Bg7 14. Nbc3
Qd7 15. Qb3 Rd8 16. Rd1 O-O 17. Qxd5 Qxd5+ 18. Nxd5 Rxd5 19. Be3 Rd7 20. Rd2
Rfd8 21. Rad1 Na5 22. Rc2 b6 23. b4 Nb7 24. Rdc1 Nd6 25. a4 b5 26. axb5 Nxb5
27. Rc4 Nxd4 28. Nc3 Nf5 29. Bc5 Nd6 30. Bxd6 exd6 31. Nb5 d5 32. Rc7 Rxc7 33.
Rxc7 d4 34. Rc1 a6 35. Na3 d3 36. Rd1 Bf8 37. Kf3 Bxb4 38. Nb1 a5 39. Ke3 Bc5+
40. Kf3 a4 41. Nc3 a3 42. Na2 f5 43. Nc1 d2 44. Nb3 Rd3+ 0-1

[Event "Langley op"]
[Site "Langley CAN"]
[Date "2018.09.01"]
[Round "2.4"]
[White "Bremner, William"]
[Black "Lee, Mau Seng"]
[Result "1-0"]
[WhiteElo "2192"]
[BlackElo "1583"]
[PlyCount "69"]
[EventDate "2018.09.01"]
[EventType "swiss"]
[EventRounds "6"]
[EventCountry "CAN"]

1. d4 d5 2. Nf3 Nf6 3. c4 Bg4 4. Ne5 Bh5 5. Qb3 Nbd7 6. Nxd7 Nxd7 7. cxd5 Nb6
8. Nc3 f6 9. e4 Bf7 10. Qb5+ Qd7 11. Qxd7+ Kxd7 12. Be2 e6 13. dxe6+ Bxe6 14.
d5 Bf7 15. Bf4 a6 16. Rc1 Bd6 17. Bxd6 Kxd6 18. O-O Rhe8 19. Rfe1 Re7 20. Bd3
Rae8 21. Kf1 Nd7 22. f3 Ne5 23. Bb1 g5 24. Ne2 h5 25. Nd4 Bg6 26. Re3 Rh7 27.
Rb3 b5 28. Ra3 Nc4 29. Rxa6+ Ke5 30. Nxb5 Nd2+ 31. Ke2 Nxb1 32. Rxb1 g4 33. Ke3
gxf3 34. gxf3 f5 35. Rc1 {Time.} 1-0